000 01254nam a2200325 a 4500
001 000115693
003 CHAP
005 20220329144545.0
008 190624s2019 mx a |sm |||||||spa d
010 _a112154
011 _a113126
040 _cCHAP
090 _aTesis
100 1 _aAlvarado Herrera, Maria Natali.
_9136295
245 1 0 _aActividad antioxidante de una dieta a base de morera (Morus alba L.) en la estabilidad oxidativa de la pierna de conejo refrijerada y rendimiento
_h[En línea]
_cpor Maria Natali Alvarado Herrera.
260 _aChapingo, Méx. :
_bEl autor,
_c2019.
500 _aPara ver el contenido del material haga clic en la liga
502 _aTesis (Ing. Agr. Esp. en Zootecnia) -- UACH. Departamento de Zootecnia
590 _aBATCH-UPD
_b05
_c20190624
_lUCH01
_h1445
590 _aE6339RRR
_b05
_c20190624
_lUCH01
_h1445
590 _aE6339RRR
_b05
_c20190624
_lUCH01
_h1445
650 1 4 _aCarne de conejo
_xConservación.
_919142
650 1 4 _aConejos
_xAlimentación.
_926353
650 1 4 _aConejos
_xRendimiento.
_9127264
650 1 4 _aPlantas forrajeras
_xElementos minerales.
_988959
856 _aFinding aid
_uhttp://10.13.5.2/tesis/sist115693.pdf
_zTeclea aquí
901 _aBK
942 _cTESIS
942 _n0
999 _c112154
_d112154